000 00655nam a2200241 i 4500
001 C2-0142918
003 PPAK
005 20180727125744.0
008 980113s1980 enka|||| ||||| | eng d
020 _a0723223327
040 _aPPAK
_beng
_cPPAK
_erda
082 0 4 _a600
_223
090 0 0 _a600
_bMAR
_dR
100 1 _aMarcuzzi, Aldo,
_eauthor
245 1 4 _aThe world of technology
264 1 _aLondon :
_bFrederick Warne ,
_c1980
300 _a71 pages :
_bcolour illustrations ;
_c30 cm
336 _2rdacontent
_atext
337 _2rdamedia
_aunmediated
338 _2rdacarrier
_avolume
700 1 _aWilliamson, Tom,
_eeditor
942 _ddc
_cB
999 _c44782
_d44782